000 00923nam a22002652 4500
001 0000002216
005 20151217151844.0
008 070404s xx 000 0 eng d
020 _a025616696X :
040 _aKABU
_cKABU
050 0 _aHF5686
_b.C7F455 1996
100 1 _aFerris, Kenneth R.
_@0000151490
245 1 0 _aFinancial accounting and corporate reporting :
_ba casebook /
_cKenneth R. Ferris.
250 _a4th ed.
260 _aChicago :
_bIrwin,
_cc1996.
300 _aviii, 557 p. :
_bill., map ;
_c25 cm.
504 _aIncludes bibliographical references.
650 0 _aCorporations
_xAccounting
_xCase studies.
_@0000151491
650 0 _aCorporation reports
_xCase studies.
_@0000151492
650 0 _aFinancial statements
_xCase studies.
_@0000151493
650 0 _aAccounting
_xCase studies.
_@0000151494
908 _a070404
950 _@1
999 _c5711
_d5711